zpět

Detail výsledku týmu

AktOFFka, Buštěhrad

Datum a čas kvízu

28.5 Celkem bodů Celkový počet nahraných bodů na tomto kvízu bez doplňovacích otázek.
2. Pořadí na kvízu Konečné umístění týmu na tomto kvízu.

Zaznamenané odpovědi

# Otázka Odpověď Body Výsledky
1. Vicepremiér Karel Havlíček, kt... Ropák roku 0
2. Britský ministr zdravotnictví... líbal a objímal svoji poradkyni 0
3. Minulý týden byl zveřejněn prv... Václav Neužil 0
4. K avizovanému spojení jednoho... Moneta 1
5. Minulý týden se rozhodlo o dvo... Montreal Canadiens, Tampa Bay Lightning 0
6. Toto téma vyhrálo minulý týden... gelato, sladoled 1
7. Jedna z nejoblíbenějších přích... stracciatella 1
8. Šmoulová zmrzlina je oblíbená... Belgie 1
9. Doplňte chybějící slovo do rek... tvarohová 0
10. Jeden z prvních dlouhometrážní... Nanuk 0